000 00558nam a2200241Ia 4500
005 20260306150153.0
008 008 260114s9999 xx 000 0 eng d
020 _a9780271023717
037 _aEbook
040 _aCRL
040 _beng
040 _cCRL
041 _2eng
041 _aeng
084 _qCRL
245 4 _aThe Site of the Social
260 _bPenn State University Press
260 _c2002
650 _aPhilosophy
856 _uhttps://www.degruyter.com/isbn/9780271023717
942 _cEBOOK
999 _c1694395
_d1694395